MARC details
| 000 -CABECERA |
| campo de control de longitud fija |
00905nam a2200217 a 4500 |
| 001 - NÚMERO DE CONTROL |
| campo de control |
000033903 |
| 005 - FECHA Y HORA DE LA ÚLTIMA TRANSACCIÓN |
| campo de control |
20200930070619.0 |
| 008 - DATOS DE LONGITUD FIJA--INFORMACIÓN GENERAL |
| campo de control de longitud fija |
110914s1986 es 000 0 spa d |
| 020 ## - NÚMERO INTERNACIONAL ESTÁNDAR DEL LIBRO |
| Número Internacional Estándar del Libro |
8400062442 |
| 040 ## - FUENTE DE LA CATALOGACIÓN |
| Centro catalogador/agencia de origen |
DO-SdBNP |
| Lengua de catalogación |
spa |
| Centro/agencia transcriptor |
BNPHU |
| 049 ## - FONDOS LOCALES (OCLC) |
| Fondos de biblioteca |
BNPD |
| 100 1# - ENTRADA PRINCIPAL--NOMBRE DE PERSONA |
| Nombre de persona |
Tusell, Javier |
| Fechas asociadas al nombre |
1945-2005 |
| 9 (RLIN) |
59345 |
| 245 13 - MENCIÓN DE TÍTULO |
| Título |
El dictador y el mediador : |
| Resto del título |
las relaciones hispanoinglesas durante la dictadura de Primo de Rivera / |
| Mención de responsabilidad, etc. |
Javier Tusell, Genoveva García Queipo de Llano. |
| 260 ## - PUBLICACIÓN, DISTRIBUCIÓN, ETC. |
| Lugar de publicación, distribución, etc. |
Madrid : |
| Nombre del editor, distribuidor, etc. |
Centro de Estudios Históricos,Departamento de Historia Contemporánea, |
| Fecha de publicación, distribución, etc. |
1986. |
| 300 ## - DESCRIPCIÓN FÍSICA |
| Extensión |
129 p. ; |
| Dimensiones |
22 cm. |
| 490 1# - MENCIÓN DE SERIE |
| Mención de serie |
Monografías |
| Designación de volumen o secuencia |
3 |
| 500 ## - NOTA GENERAL |
| Nota general |
Incluye referencias bibliográficas y notas al pie de las páginas |
| 700 1# - PUNTO DE ACCESO ADICIONAL--NOMBRE DE PERSONA |
| Nombre de persona |
García Queipo de Llano, Genoveva |
| 9 (RLIN) |
59346 |
| 710 1# - PUNTO DE ACCESO ADICIONAL--NOMBRE DE ENTIDAD CORPORATIVA |
| Nombre de entidad corporativa o nombre de jurisdicción como elemento de entrada |
Centro de Estudios Históricos |
| Unidad subordinada |
Departamento de Historia Contemporánea |
| 9 (RLIN) |
59347 |
| 830 #0 - PUNTO DE ACCESO ADICIONAL DE SERIE-TÍTULO UNIFORME |
| Título uniforme |
Monografías |
| Designación de volumen o secuencia |
3 |
| 9 (RLIN) |
15334 |